000 00245nam a22001217a 4500
040 _cHS
082 _a577
100 _aTRUDY MCKEE
245 _aBiochemistry : an introduction
260 _aRUA
_bTRUDY MCKEE
_cNA
300 _a331p;
942 _cEK
999 _c9576
_d9576